=LDR 00000nam 2200000 4500 =001 INLIS000000000025109 =005 20130612123637 =008 ***********************************ind** =035 ##$$0010-061300000025109 =041 ##$$a ind =082 ##$$a 2x4.03 =090 ##$$a 2x4.03, QAR i =100 ##$$a Al Qardlawy, Yusuf =245 ##$$a Ijtihad dalam syari'at Islam, Beberapa pandangan analitis tentang ijtihad kontemporer, Yusuf Al Qordlawy =260 ##$$a 1987 $b Jakarta =300 ##$$a 315 hlm., 23 cm =650 ##$$a Fiqih Islam =850 ##$$a NBPNMAT